[Event "NOR-ch U20"]
[Site "Trondheim"]
[Date "2014.07.16"]
[Round "6"]
[White "Holleland, Sigve"]
[Black "Aartun, Eivind"]
[Result "1-0"]
[WhiteElo "1956"]
[BlackElo "1717"]
[PlyCount "61"]
[EventDate "2014.07.12"]
[EventType "swiss"]
[EventRounds "9"]
[EventCountry "NOR"]
[SourceTitle "EXT 2017"]
[Source "ChessBase"]
[SourceDate "2016.10.25"]
[SourceVersion "1"]
[SourceVersionDate "2016.10.25"]
[SourceQuality "1"]

1. d4 d5 2. c4 e6 3. Nc3 Nf6 4. Nf3 Bb4 5. Qc2 c5 6. e3 Nc6 7. a3 Bxc3+ 8. bxc3 Ne4 9. Bd3 f5 10. 0-0 0-0 11. cxd5 exd5 12. c4 Be6 13. dxc5 Nxc5 14. cxd5 Qxd5 15. Be2 Rad8 16. Ng5 Nb3 17. Rb1 Nca5 18. Nxe6 Rc8 19. Nc7 Qf7 20. Rxb3 Qxb3 21. Qxb3+ Nxb3 22. Bc4+ Kh8 23. Bxb3 Rxc7 24. Bb2 Rd8 25. Bd4 b6 26. Rd1 Rdc8 27. h4 Rc1 28. Rxc1 Rxc1+ 29. Kh2 h6 30. Be6 Rc2 31. Kg3 1-0

[Event "NOR-ch U20"]
[Site "Trondheim"]
[Date "2014.07.12"]
[Round "2"]
[White "Aartun, Eivind"]
[Black "Skagseth, Havard M"]
[Result "1-0"]
[WhiteElo "1717"]
[BlackElo "1908"]
[PlyCount "53"]
[EventDate "2014.07.12"]
[EventType "swiss"]
[EventRounds "9"]
[EventCountry "NOR"]
[SourceTitle "EXT 2017"]
[Source "ChessBase"]
[SourceDate "2016.10.25"]
[SourceVersion "1"]
[SourceVersionDate "2016.10.25"]
[SourceQuality "1"]

1. e4 c5 2. Nf3 d6 3. d4 cxd4 4. Nxd4 Nf6 5. Nc3 a6 6. Bg5 e6 7. Bd3 Be7 8. 0-0 Nbd7 9. Kh1 Qb6 10. Nb3 0-0 11. f4 Qc7 12. Qf3 b5 13. e5 dxe5 14. fxe5 Nxe5 15. Qg3 Bd6 16. Bxf6 Ng6 17. Qh3 gxf6 18. Ne4 Be7 19. Nxf6+ Bxf6 20. Rxf6 Bb7 21. Raf1 Qe5 22. Qg4 Kg7 23. h4 Qe3 24. h5 Qh6 25. Nc5 Bc6 26. Bxg6 hxg6 27. Nxe6+ 1-0

[Event "NOR-ch U20"]
[Site "Trondheim"]
[Date "2014.07.12"]
[Round "1"]
[White "Lien, Kjell Hakon"]
[Black "Aartun, Eivind"]
[Result "1-0"]
[WhiteElo "2023"]
[BlackElo "1717"]
[PlyCount "41"]
[EventDate "2014.07.12"]
[EventType "swiss"]
[EventRounds "9"]
[EventCountry "NOR"]
[SourceTitle "EXT 2017"]
[Source "ChessBase"]
[SourceDate "2016.10.25"]
[SourceVersion "1"]
[SourceVersionDate "2016.10.25"]
[SourceQuality "1"]

1. d4 d5 2. c4 e6 3. Nc3 Nf6 4. g3 c5 5. cxd5 exd5 6. Nf3 Nc6 7. Bg2 Be6 8. 0-0 Be7 9. b3 0-0 10. Bb2 Rc8 11. dxc5 Bxc5 12. Rc1 Bb4 13. e3 Qa5 14. a3 Bxc3 15. Rxc3 Ne4 16. Rc1 Ne7 17. Rxc8 Rxc8 18. Nd4 Nd6 19. e4 Rd8 20. Nxe6 fxe6 21. Qg4 1-0

[Event "Wch U16"]
[Site "Maribor"]
[Date "2012.11.17"]
[Round "10.56"]
[White "Aartun, Eivind"]
[Black "Comas, Rinell"]
[Result "1-0"]
[WhiteElo "1828"]
[BlackElo "1793"]
[PlyCount "79"]
[EventDate "2012.11.08"]
[EventType "swiss"]
[EventRounds "11"]
[EventCountry "SLO"]
[SourceTitle "EXT 2013"]
[Source "ChessBase"]
[SourceDate "2012.11.22"]
[SourceVersion "1"]
[SourceVersionDate "2012.11.22"]
[SourceQuality "1"]

1. e4 c5 2. d4 cxd4 3. c3 d6 4. cxd4 g6 5. Nf3 Bg7 6. Bc4 Nf6 7. Nc3 0-0 8. 0-0 Nxe4 9. Bxf7+ Rxf7 10. Nxe4 Kh8 11. Qb3 d5 12. Ne5 Bxe5 13. dxe5 Rf5 14. Ng5 h6 15. Qh3 Qf8 16. e6 Kg8 17. g4 Rf6 18. Nf7 Bxe6 19. Nxh6+ Kg7 20. Qc3 Kh7 21. Bg5 Rf3 22. Qe5 Bg8 23. Nxg8 Qxg8 24. Qxe7+ Rf7 25. Qe3 Qc8 26. Qh3+ Kg8 27. Rad1 Qd7 28. Qg2 d4 29. Qe4 Nc6 30. h3 Re8 31. Qxg6+ Rg7 32. Qh5 Rh7 33. Bh6 Re6 34. g5 Ne5 35. f4 Nc4 36. Rfe1 Ne3 37. Rxe3 Rxe3 38. Qg6+ Kh8 39. Qf6+ Kg8 40. Qf8# 1-0

[Event "Wch U16"]
[Site "Maribor"]
[Date "2012.11.16"]
[Round "9.51"]
[White "Darling, Simeon C"]
[Black "Aartun, Eivind"]
[Result "1-0"]
[WhiteElo "1931"]
[BlackElo "1828"]
[PlyCount "89"]
[EventDate "2012.11.08"]
[EventType "swiss"]
[EventRounds "11"]
[EventCountry "SLO"]
[SourceTitle "EXT 2013"]
[Source "ChessBase"]
[SourceDate "2012.11.22"]
[SourceVersion "1"]
[SourceVersionDate "2012.11.22"]
[SourceQuality "1"]

1. e4 c5 2. Nf3 d6 3. d4 cxd4 4. Nxd4 Nf6 5. Nc3 g6 6. Be3 Bg7 7. f3 0-0 8. Qd2 Nc6 9. Bc4 Bd7 10. 0-0-0 Rc8 11. Bb3 Na5 12. g4 Nxb3+ 13. Nxb3 a5 14. Nd4 a4 15. Kb1 a3 16. b3 Qa5 17. Nd5 Qxd2 18. Nxf6+ Bxf6 19. Rxd2 Rc3 20. Rd3 Rfc8 21. Rc1 b5 22. Ne2 R3c6 23. c3 e5 24. Rcd1 Be7 25. Bc1 Ra6 26. Ng3 g5 27. Nf1 Be6 28. Ne3 Kg7 29. Kc2 Rac6 30. Bd2 h6 31. Be1 Kf8 32. Nd5 Bxd5 33. Rxd5 Rb8 34. b4 f6 35. Kb3 Ra6 36. Bd2 Kf7 37. Bc1 Ke6 38. Bxa3 Kd7 39. Bb2 Kc6 40. Rc1 Kd7 41. c4 bxc4+ 42. Rxc4 Bd8 43. a4 Bb6 44. b5 Ra7 45. Ba3 1-0

[Event "Wch U16"]
[Site "Maribor"]
[Date "2012.11.09"]
[Round "2.49"]
[White "Aartun, Eivind"]
[Black "Vicente, Joao Vasco Reis"]
[Result "0-1"]
[WhiteElo "1828"]
[BlackElo "2042"]
[PlyCount "68"]
[EventDate "2012.11.08"]
[EventType "swiss"]
[EventRounds "11"]
[EventCountry "SLO"]
[SourceTitle "EXT 2013"]
[Source "ChessBase"]
[SourceDate "2012.11.22"]
[SourceVersion "1"]
[SourceVersionDate "2012.11.22"]
[SourceQuality "1"]

1. e4 c5 2. Nf3 Nc6 3. d4 cxd4 4. Nxd4 g6 5. Nxc6 bxc6 6. Qd4 Nf6 7. e5 Nd5 8. Bc4 Qb6 9. Qd3 Bg7 10. Bxd5 cxd5 11. 0-0 e6 12. Re1 0-0 13. b3 Ba6 14. Qg3 d6 15. Bb2 Rac8 16. Na3 Qc5 17. Qe3 dxe5 18. Qxc5 Rxc5 19. Bxe5 Ra5 20. Bxg7 Kxg7 21. Nb1 Rc8 22. a4 Rac5 23. Na3 Kf6 24. f4 Kf5 25. g3 Kg4 26. Kf2 d4 27. Rad1 Rxc2+ 28. Nxc2 Rxc2+ 29. Kg1 Kh3 30. g4 Rg2+ 31. Kh1 Rxh2+ 32. Kg1 Rg2+ 33. Kh1 Bb7 34. Rxd4 Rxg4+ 0-1

[Event "EU-ch U16"]
[Site "Prague"]
[Date "2012.08.20"]
[Round "4"]
[White "Aartun, Eivind"]
[Black "Chalabi, Max"]
[Result "1/2-1/2"]
[WhiteElo "1826"]
[BlackElo "1680"]
[PlyCount "93"]
[EventDate "2012.08.17"]
[EventType "swiss"]
[EventRounds "9"]
[EventCountry "CZE"]
[SourceTitle "CBM 150 Extra"]
[Source "ChessBase"]
[SourceDate "2012.10.19"]
[SourceVersion "1"]
[SourceVersionDate "2012.10.19"]
[SourceQuality "1"]

1. e4 e5 2. d4 exd4 3. c3 d5 4. exd5 Qxd5 5. cxd4 Nc6 6. Nf3 Bg4 7. Be2 0-0-0 8. Nc3 Bb4 9. 0-0 Qa5 10. Be3 Nf6 11. Qb3 Qh5 12. h3 Be6 13. Qa4 Qa5 14. Bb5 Bxc3 15. bxc3 Qxa4 16. Bxa4 Na5 17. Rfe1 Nd5 18. Bb3 Nxb3 19. axb3 Nxc3 20. Rxa7 c6 21. Ng5 Bd5 22. Bf4 Rhe8 23. Be3 f5 24. Rea1 h6 25. Nf3 Bxf3 26. gxf3 f4 27. Bd2 Ne2+ 28. Kf1 g5 29. Ba5 Rd5 30. Ra8+ Kd7 31. Rxe8 Kxe8 32. Kxe2 Rxd4 33. Bc3 Rd5 34. Rd1 Rc5 35. Rd3 Rf5 36. Rd6 h5 37. Rh6 h4 38. Rh7 b5 39. b4 c5 40. bxc5 Rxc5 41. Kd3 Rd5+ 42. Ke4 Rc5 43. Kd4 Rc4+ 44. Kd3 Rc5 45. Kd4 Rc4+ 46. Kd3 Rc5 47. Kd4 1/2-1/2

[Event "Politiken Cup 34th"]
[Site "Helsingor"]
[Date "2012.08.05"]
[Round "10"]
[White "Aartun, Eivind"]
[Black "Andersen, Rune Egede"]
[Result "0-1"]
[WhiteElo "1777"]
[BlackElo "2076"]
[PlyCount "99"]
[EventDate "2012.07.28"]
[EventType "swiss"]
[EventRounds "10"]
[EventCountry "DEN"]
[SourceTitle "CBM 149 Extra"]
[Source "ChessBase"]
[SourceDate "2012.08.24"]
[SourceVersion "1"]
[SourceVersionDate "2012.08.24"]
[SourceQuality "1"]

1. e4 e6 2. d4 d5 3. exd5 exd5 4. Bd3 c5 5. Qe2+ Be7 6. dxc5 Nf6 7. Nf3 0-0 8. 0-0 Re8 9. Bg5 h6 10. Bh4 Bxc5 11. Bxf6 gxf6 12. Qd2 Bf8 13. Nc3 Be6 14. Nd4 Nc6 15. Nxe6 fxe6 16. Qf4 Bg7 17. Bg6 Re7 18. Rad1 Rc8 19. Rfe1 Qb6 20. b3 Ne5 21. Na4 Qa5 22. Qg3 b5 23. Nb2 Qxa2 24. Nd3 Qa5 25. Nxe5 fxe5 26. Qh4 Qd8 27. Re3 Rc6 28. Rf3 a5 29. g4 Rd7 30. Bf7+ Kh7 31. Qh5 Qg5 32. Qxg5 hxg5 33. Be8 Rdc7 34. Bxc6 Rxc6 35. Rd2 Kg6 36. Re3 e4 37. f3 exf3 38. Rxf3 a4 39. bxa4 bxa4 40. Ra3 Rc4 41. h3 Bb2 42. Ra2 a3 43. Kf2 Rc3 44. Kg2 Kf6 45. Rf2+ Ke5 46. Re2+ Kd6 47. Rf2 Re3 48. Rd2 Kc5 49. Rd3 Rxd3 50. cxd3 0-1

[Event "Politiken Cup 34th"]
[Site "Helsingor"]
[Date "2012.07.31"]
[Round "5"]
[White "Garberg, Tore"]
[Black "Aartun, Eivind"]
[Result "1-0"]
[WhiteElo "1956"]
[BlackElo "1777"]
[PlyCount "43"]
[EventDate "2012.07.28"]
[EventType "swiss"]
[EventRounds "10"]
[EventCountry "DEN"]
[SourceTitle "CBM 149 Extra"]
[Source "ChessBase"]
[SourceDate "2012.08.24"]
[SourceVersion "1"]
[SourceVersionDate "2012.08.24"]
[SourceQuality "1"]

1. e4 c5 2. c3 d5 3. exd5 Qxd5 4. d4 cxd4 5. cxd4 Nc6 6. Nf3 e5 7. Nc3 Bb4 8. Bd2 Bxc3 9. Bxc3 exd4 10. Nxd4 Nf6 11. Nxc6 Qxc6 12. Bb4 Qe4+ 13. Qe2 Bf5 14. Rc1 a5 15. Ba3 Kd7 16. f3 Qxe2+ 17. Bxe2 Rhe8 18. Kf2 Re5 19. Rhd1+ Rd5 20. Bb5+ Kd8 21. Rxd5+ Nxd5 22. Rd1 1-0

[Event "Politiken Cup 34th"]
[Site "Helsingor"]
[Date "2012.07.30"]
[Round "4"]
[White "Karlsson, Ulf"]
[Black "Aartun, Eivind"]
[Result "1/2-1/2"]
[WhiteElo "2012"]
[BlackElo "1777"]
[PlyCount "96"]
[EventDate "2012.07.28"]
[EventType "swiss"]
[EventRounds "10"]
[EventCountry "DEN"]
[SourceTitle "CBM 149 Extra"]
[Source "ChessBase"]
[SourceDate "2012.08.24"]
[SourceVersion "1"]
[SourceVersionDate "2012.08.24"]
[SourceQuality "1"]

1. e4 c5 2. Nc3 e6 3. g3 d5 4. d3 Nc6 5. Bg2 Nf6 6. exd5 exd5 7. Nge2 g6 8. Bg5 Be7 9. Bxf6 Bxf6 10. Bxd5 0-0 11. Bg2 Bg4 12. f3 Be6 13. 0-0 c4 14. Kh1 Qb6 15. Qd2 Rfd8 16. Ne4 Bg7 17. Nf4 Qxb2 18. Nxe6 fxe6 19. Rab1 Qxa2 20. Qf4 Rf8 21. Qd6 cxd3 22. Rxb7 Nd8 23. Rc7 dxc2 24. Ng5 Nf7 25. Nxf7 Rxf7 26. Rxf7 Kxf7 27. Bh3 Re8 28. Rc1 Qb3 29. Qc6 Bc3 30. Qd7+ Re7 31. Qd3 Qb4 32. Rxc2 Bd4 33. Re2 Qc5 34. Qe4 Qd5 35. Qd3 Qc5 36. Qe4 Qd5 37. Qd3 e5 38. Bg2 Qc5 39. Qb3+ Kg7 40. Rc2 Qb6 41. Qc4 a5 42. h4 Qb4 43. Qc8 a4 44. h5 gxh5 45. Qf5 Qb6 46. Qg5+ Kf7 47. Qf5+ Qf6 48. Qxh7+ Qg7 1/2-1/2

[Event "Politiken Cup 34th"]
[Site "Helsingor"]
[Date "2012.07.29"]
[Round "3"]
[White "Aartun, Eivind"]
[Black "Holmso, Finn"]
[Result "0-1"]
[WhiteElo "1777"]
[BlackElo "2036"]
[PlyCount "96"]
[EventDate "2012.07.28"]
[EventType "swiss"]
[EventRounds "10"]
[EventCountry "DEN"]
[SourceTitle "CBM 149 Extra"]
[Source "ChessBase"]
[SourceDate "2012.08.24"]
[SourceVersion "1"]
[SourceVersionDate "2012.08.24"]
[SourceQuality "1"]

1. e4 d6 2. d4 Nf6 3. Nc3 Nbd7 4. Nf3 e5 5. Bc4 Be7 6. 0-0 c6 7. a4 0-0 8. Re1 b6 9. Bg5 a6 10. Qd2 h6 11. Be3 Nh7 12. b4 Bb7 13. dxe5 dxe5 14. Red1 Nhf6 15. Rab1 b5 16. Ba2 a5 17. bxa5 Qxa5 18. Qd3 b4 19. Ne2 Rad8 20. Qb3 Nxe4 21. c3 c5 22. cxb4 cxb4 23. Bd2 Nxd2 24. Nxd2 Qa8 25. Nc4 Bxg2 26. Rxd7 Rxd7 27. Nb6 Bd5 28. Nxd5 Bc5 29. Rd1 Qd8 30. Qg3 Kh8 31. Qg4 f5 32. Qh5 Qg5+ 33. Qxg5 hxg5 34. Rb1 Rfd8 35. Rd1 g6 36. Kf1 Kg7 37. Bb3 Rh8 38. Rc1 Bf8 39. Kg2 g4 40. Rc7 Rxc7 41. Nxc7 Bd6 42. Nd5 Rh3 43. Bc4 Ra3 44. Bb5 b3 45. Nec3 e4 46. Ne3 Ra1 47. Nc4 Bc7 48. Ne2 f4 0-1

[Event "Politiken Cup 33rd"]
[Site "Helsingor"]
[Date "2011.08.05"]
[Round "8"]
[White "Aartun, Eivind"]
[Black "Tandrup, Michael"]
[Result "1/2-1/2"]
[WhiteElo "1747"]
[BlackElo "1917"]
[PlyCount "104"]
[EventDate "2011.07.30"]
[EventType "swiss"]
[EventRounds "10"]
[EventCountry "DEN"]
[SourceTitle "CBM 143 Extra"]
[Source "ChessBase"]
[SourceDate "2011.08.29"]
[SourceVersion "1"]
[SourceVersionDate "2011.08.29"]
[SourceQuality "1"]

1. e4 d5 2. exd5 Qxd5 3. Nc3 Qa5 4. Nf3 Nf6 5. d4 c6 6. Bd3 Bg4 7. 0-0 e6 8. h3 Bh5 9. a3 Nbd7 10. Bf4 Be7 11. Re1 0-0 12. b4 Qd8 13. Be2 Nd5 14. Nxd5 cxd5 15. Ne5 Bxe2 16. Rxe2 Rc8 17. Re3 Nxe5 18. dxe5 Bg5 19. Bxg5 Qxg5 20. c3 Rc7 21. Qd4 b6 22. Rae1 Rc4 23. Qd3 Rfc8 24. Rg3 Qe7 25. Qd2 Qh4 26. Ree3 Qh6 27. Qe2 g6 28. Kh2 Kf8 29. a4 a6 30. Qb2 Qf4 31. Qe2 h5 32. Ref3 Qh6 33. Rf6 Kg7 34. Rgf3 R8c7 35. Qc2 b5 36. axb5 axb5 37. Qe2 h4 38. g3 hxg3+ 39. fxg3 d4 40. Qf2 Kg8 41. Rxf7 Rxf7 42. Rxf7 dxc3 43. Rd7 Qf8 44. Qc2 Qf5 45. Qg2 Rc8 46. Qb7 Qf2+ 47. Kh1 Qf1+ 48. Kh2 Qf2+ 49. Kh1 Qf1+ 50. Kh2 Qf2+ 51. Kh1 Qf1+ 52. Kh2 Qf2+ 1/2-1/2

[Event "Nordic Youth-ch C"]
[Site "Oslo"]
[Date "2011.02.??"]
[Round "4"]
[White "Aartun, Eivind"]
[Black "Liu, Dennis"]
[Result "1/2-1/2"]
[WhiteElo "1673"]
[BlackElo "1782"]
[PlyCount "62"]
[EventDate "2011.02.18"]
[EventType "swiss"]
[EventRounds "6"]
[EventCountry "NOR"]
[SourceTitle "EXT 2024"]
[Source "ChessBase"]
[SourceDate "2023.10.10"]
[SourceVersion "1"]
[SourceVersionDate "2023.10.10"]
[SourceQuality "1"]

1. e4 e5 2. Nf3 Nc6 3. Bb5 a6 4. Ba4 Nf6 5. 0-0 Be7 6. Re1 b5 7. Bb3 d6 8. c3 0-0 9. h3 Na5 10. Bc2 c5 11. d4 Qc7 12. d5 c4 13. Bg5 Nb7 14. Nbd2 Bd7 15. Nf1 Rfc8 16. Ng3 Nc5 17. Qd2 a5 18. Rad1 Rab8 19. Nh4 h6 20. Bxf6 Bxf6 21. Nhf5 Bg5 22. Qe2 b4 23. h4 Bf6 24. cxb4 Rxb4 25. Rb1 Bxf5 26. Nxf5 Nd7 27. a3 Rb6 28. Ba4 Nb8 29. Rec1 Kh7 30. g3 Qb7 31. Rc3 Qa6 1/2-1/2

[Event "Bergen Grand Prix"]
[Site "Bergen"]
[Date "2010.11.28"]
[Round "4"]
[White "Aadland, Hans Joachim"]
[Black "Aartun, Eivind"]
[Result "1-0"]
[WhiteElo "1479"]
[BlackElo "1076"]
[PlyCount "87"]
[EventDate "2010.11.26"]
[EventType "swiss"]
[EventRounds "5"]
[EventCountry "NOR"]
[SourceTitle "EXT 2024"]
[Source "ChessBase"]
[SourceDate "2023.10.10"]
[SourceVersion "1"]
[SourceVersionDate "2023.10.10"]
[SourceQuality "1"]

1. e4 e5 2. Nf3 Nc6 3. Bb5 a6 4. Bxc6 dxc6 5. 0-0 Bg4 6. h3 Bxf3 7. Qxf3 Qf6 8. c3 Qxf3 9. gxf3 Nf6 10. d4 exd4 11. cxd4 0-0-0 12. Rd1 c5 13. Be3 cxd4 14. Rxd4 Be7 15. Nc3 Rxd4 16. Bxd4 Rd8 17. Be3 h6 18. a3 b6 19. Rc1 Rd3 20. Kg2 Kb7 21. Rd1 Rxd1 22. Nxd1 Nd7 23. Kf1 Kc6 24. Nc3 Bf6 25. Bd2 Ne5 26. Ke2 Nc4 27. Bc1 Nxa3 28. Nd5 Nc4 29. Nxf6 gxf6 30. Bxh6 Nd6 31. h4 Ne8 32. Bf8 f5 33. e5 Kd5 34. f4 Ke6 35. h5 Nf6 36. exf6 Kxf6 37. Kd3 c6 38. Kc4 a5 39. b3 b5+ 40. Kc3 c5 41. Kb2 a4 42. bxa4 bxa4 43. Ka3 c4 44. Kxa4 1-0

[Event "Bergen Grand Prix"]
[Site "Bergen"]
[Date "2010.11.27"]
[Round "2"]
[White "Aartun, Eivind"]
[Black "Kyrkjebo, Hannah Bakken"]
[Result "1-0"]
[WhiteElo "1076"]
[BlackElo "1110"]
[PlyCount "119"]
[EventDate "2010.11.26"]
[EventType "swiss"]
[EventRounds "5"]
[EventCountry "NOR"]
[SourceTitle "EXT 2024"]
[Source "ChessBase"]
[SourceDate "2023.10.10"]
[SourceVersion "1"]
[SourceVersionDate "2023.10.10"]
[SourceQuality "1"]

1. e4 e5 2. Nf3 Nc6 3. Bb5 a6 4. Ba4 Nf6 5. 0-0 b5 6. Bb3 Be7 7. Re1 d6 8. h3 0-0 9. c3 Na5 10. Bc2 c5 11. d4 Qc7 12. Bg5 Bd7 13. Nbd2 Rac8 14. d5 h6 15. Bh4 Nc4 16. Nxc4 bxc4 17. Nd2 Bb5 18. a4 Bd7 19. Nxc4 Rb8 20. b3 Rfe8 21. Re3 Bc8 22. Bxf6 Bxf6 23. Rb1 a5 24. Rf3 Ba6 25. Bd3 Bxc4 26. Bxc4 Rb6 27. Bb5 Reb8 28. b4 cxb4 29. cxb4 axb4 30. Rxb4 Ra6 31. Rc4 Qb7 32. Bxa6 Qxa6 33. Rfc3 Be7 34. Qd3 Qb6 35. Rc8+ Rxc8 36. Rxc8+ Kh7 37. Qb5 Bd8 38. Qxb6 Bxb6 39. Rc6 Bc5 40. a5 Kg8 41. a6 Ba7 42. Rxd6 Kf8 43. Rd7 Bd4 44. a7 Bxa7 45. Rxa7 Ke8 46. d6 Kd8 47. Rxf7 g5 48. Re7 h5 49. Rxe5 Kd7 50. Rxg5 Kxd6 51. f4 h4 52. f5 Ke7 53. e5 Kf7 54. Kf2 Ke7 55. Ke3 Kf7 56. Kd4 Ke7 57. Kd5 Kf7 58. f6 Kf8 59. e6 Ke8 60. Rg8# 1-0